| 000 | 03401cam a22005777i 4500 | ||
|---|---|---|---|
| 001 | 19594055 | ||
| 003 | NUST | ||
| 005 | 20240304114628.0 | ||
| 008 | 170412t20172017nyua b 000 0deng d | ||
| 010 | _a 2017939781 | ||
| 020 |
_a9781580934992 _q(hardcover) |
||
| 020 |
_a1580934994 _q(hardcover) |
||
| 035 | _a(OCoLC)ocn973084281 | ||
| 038 | _aMalang Jan | ||
| 040 |
_aYDX _beng _cYDX _erda _dCBY _dWAU _dZYU _dUWW _dOCLCF _dOMB _dIBZ _dDLC |
||
| 042 | _alccopycat | ||
| 050 | 0 | 0 |
_aNA737.W67 _bA88 2017 |
| 082 | 0 | 4 |
_a728.92 _223 _bAND |
| 100 | 1 |
_aAndraos, Amale, _d1973- _eauthor, _earchitect. _9120814 |
|
| 245 | 1 | 0 |
_aWORKac : _bwe'll get there when we cross that bridge / _cAmale Andraos & Dan Wood. |
| 264 | 1 |
_aNew York, NY : _bThe Monacelli Press, _c[2017] |
|
| 264 | 4 | _c©2017 | |
| 300 |
_a360 pages : _billustrations (chiefly color) ; _c26 cm |
||
| 336 |
_astill image _bsti _2rdacontent |
||
| 336 |
_atext _btxt _2rdacontent |
||
| 337 |
_aunmediated _bn _2rdamedia |
||
| 338 |
_avolume _bnc _2rdacarrier |
||
| 386 |
_nnat _aAmericans _2lcdgt |
||
| 386 |
_neth _aLebanese Americans _2lcdgt |
||
| 386 |
_aWomen _2lcdgt |
||
| 504 | _aIncludes bibliographical references. | ||
| 505 | 0 | _a[I.] Say yes to everything 2003-2008 : White Street loft, Tribeca, New York -- Inner life -- Anthropologie, Dos Lagos, Corona, California -- Context -- PF1, Long Island City, Queens, New York -- Infoodstructure -- [II.] Make no medium-sized plans 2008-2013 : Edible Schoolyard NYC at P.S. 216 & P.S. 7, Gravesend, Brooklyn, New York and East Harlem, New York -- Pop -- Nature-city, Keizer, Oregon -- Urbanism -- L'Assemblée Radieuse, Libreville, Gabon -- Environments -- [III.] Stuff the envelope 2013-2018 : Wieden+Kennedy, Hudson Square, New York -- Work culture -- Stealth Building, Tribeca, New York -- Preservation -- Beirut Museum of Art, Beirut Lebanon -- Envelope -- Arizona House, Tubac, Arizona -- Green House -- Epilogue: Kew Gardens Hills Library, Queens, New York. | |
| 520 | _aTraces fifteen years of collaboration between architects Amale Andraos and Dan Wood of WORK Architecture Company. Showcasing projects for MoMA PS1, Edible Schoolyards NYC, Anthropologie, Diane von Furstenberg, Creative Time, and many more, the book is a tasting menu of everything the practice embraces: never assuming what architecture "is" but always imagining together what it can become. | ||
| 600 | 1 | 0 |
_aAndraos, Amale, _d1973- _9120814 |
| 600 | 1 | 0 |
_aWood, Dan, _d1967- _9120815 |
| 610 | 2 | 0 |
_aWork Architecture Company. _9120812 |
| 610 | 2 | 7 |
_aWork Architecture Company. _2fast _0(OCoLC)fst01796197 _9120812 |
| 648 | 7 |
_a2000-2099 _2fast _919929 |
|
| 650 | 0 |
_aArchitectural firms _zNew York (State) _zNew York. _9120882 |
|
| 650 | 0 |
_aArchitecture, Modern _y21st century _vPictorial works. _9118952 |
|
| 650 | 7 |
_aArchitectural firms. _2fast _0(OCoLC)fst00813255 _932517 |
|
| 650 | 7 |
_aArchitecture, Modern. _2fast _0(OCoLC)fst00813842 _932028 |
|
| 651 | 7 |
_aNew York (State) _zNew York. _2fast _0(OCoLC)fst01204333 _931770 |
|
| 655 | 7 |
_aIllustrated works. _2fast _0(OCoLC)fst01423873 _994792 |
|
| 655 | 7 |
_aPictorial works. _2fast _0(OCoLC)fst01423874 _981105 |
|
| 655 | 7 |
_aIllustrated works. _2lcgft _994792 |
|
| 700 | 1 |
_aWood, Dan, _d1967- _eauthor, _earchitect. _9120815 |
|
| 906 |
_a7 _bcbc _ccopycat _d2 _eepcn _f20 _gy-gencatlg |
||
| 942 |
_2ddc _cBK |
||
| 999 |
_c608531 _d608531 |
||